000 01239nam0a2200313 4500
001 RU\NLR\bibl\505111
005 20250609141106.0
010 _a5-87872-192-9
_9300
021 _aRU
_b2003-70759
_93502
035 _a(NLR Aleph) 000497677
090 _a1153661
_c1153661
100 _a20040326d2003 |||y0rusy50 ca
101 0 _arus
102 _aRU
105 _ay |||||||||
200 1 _aПословично-поговорочные паремии как фактор структурно-смысловой организации дискурса
_fС.В. Сидорков
_gОтв. ред. д.филол.н., проф. Тхорик В.И.
210 _aРостов н/Д
_cИзд-во СКНЦ ВШ
_d2003
215 _a214 с.
_d21
320 _aБиблиогр.: с. 204-214 (192 назв.)
606 0 _aПословицы и поговорки
_9919484
_3RU\NLR\auth\6617828
606 0 _aКоммуникативная лингвистика
_91366505
_3RU\NLR\auth\66572162
686 _aШ201.35
686 _aШ100.0
700 1 _aСидорков
_bС. В.
_gСергей Васильевич
_4070
801 0 _aRU
_bNLR
_c20040326
_gPSBO
801 1 _aRU
_bNLR
_c20040326
942 _cBOOK
980 _aNB